| Tag |
First Indicator |
Second Indicator |
Subfields |
| LEADER |
00000cas a2200000 a 4500 |
| 001 |
in00001764607 |
| 005 |
20220106090835.0 |
| 006 |
m o d f |
| 007 |
cr an||||||||| |
| 008 |
030516d19uu2000dcuuu so s f0 0eng c |
| 010 |
|
|
|a 2003230223
|
| 035 |
|
|
|a (OCoLC)ocm52259937
|
| 040 |
|
|
|a GPO
|c GPO
|d OCLCQ
|d GPO
|d MvI
|d UtOrBLW
|
| 042 |
|
|
|a lcd
|
| 043 |
|
|
|a n-us---
|
| 049 |
|
|
|a WWW
|
| 074 |
|
|
|a 0718-A-28 (online)
|
| 086 |
0 |
|
|a J 32.20/3:
|
| 130 |
0 |
|
|a OJJDP research (Online)
|
| 245 |
1 |
0 |
|a OJJDP research.
|
| 246 |
3 |
|
|a Office of Juvenile Justice and Delinquency Prevention research
|
| 264 |
|
1 |
|a Washington, DC :
|b U.S. Dept. of Justice, Office of Justice Programs, Office of Juvenile Justice and Delinquency Prevention,
|c -2001.
|
| 300 |
|
|
|a 1 online resource
|
| 336 |
|
|
|a text
|b txt
|2 rdacontent
|
| 337 |
|
|
|a computer
|b c
|2 rdamedia
|
| 338 |
|
|
|a online resource
|b cr
|2 rdacarrier
|
| 362 |
0 |
|
|a -2000.
|
| 490 |
1 |
|
|a OJJDP report
|
| 500 |
|
|
|a Volume for 1999 has subtitle: Making a difference for juveniles.
|
| 500 |
|
|
|a Volume for 1999 covers 3 years, i.e., 1996-1998; v. for 2001 covers 2000.
|
| 500 |
|
|
|a Issue for 2001 distributed to depository libraries in microfiche.
|
| 500 |
|
|
|a Description based on: 1999; title from title screen (viewed on May 16, 2003).
|
| 588 |
|
|
|a Description based on: 1999; title from PDF t.p. (viewed May 16, 2003).
|
| 550 |
|
|
|a Issued by: Office of Juvenile Justice and Delinquency Prevention, Research and Program Development Division.
|
| 500 |
|
|
|a Electronic resource.
|
| 650 |
|
0 |
|a Juvenile justice, Administration of
|z United States.
|
| 650 |
|
0 |
|a Juvenile delinquency
|x Research
|z United States.
|
| 650 |
|
0 |
|a Juvenile delinquency
|z United States
|x Prevention
|x Evaluation.
|
| 650 |
|
0 |
|a Juvenile delinquents
|z United States
|v Statistics.
|
| 710 |
1 |
|
|a United States.
|b Office of Juvenile Justice and Delinquency Prevention.
|b Research and Program Development Division.
|
| 776 |
0 |
8 |
|i Print version:
|t OJJDP research
|w (DLC) 2003210625
|w (OCoLC)52996210
|
| 830 |
|
0 |
|a OJJDP report.
|
| 856 |
4 |
0 |
|u https://purl.fdlp.gov/GPO/LPS31196
|t 0
|
| 856 |
4 |
0 |
|u https://purl.fdlp.gov/GPO/LPS31196
|z click on letter "O"; scroll down to: OJJDP Research
|t 0
|
| 999 |
|
|
|a MARS
|
| 999 |
f |
f |
|s 15881dd4-7968-3724-8b97-3e931f37e7f7
|i e8d3256a-39ca-3646-96fd-79f231520353
|t 0
|
| 952 |
f |
f |
|a Texas A&M University
|b College Station
|c Electronic Resources
|d Available Online
|t 0
|e J 32.20/3:
|h Superintendent of Documents classification
|
| 998 |
f |
f |
|a J 32.20/3:
|t 0
|l Available Online
|